000 00241nam a22000857a 4500
008 170601b xxu||||| |||| 00| 0 eng d
100 _93207
_aKumar. A
245 _aInspiring Stories from Pan-Chakantra
260 _aNew Delhi
_bManoj Publication
_c2005
999 _c6520
_d6520